000 00484nam a2200193Ia 4500
003 LK-CoDNM
005 20240913100902.0
008 010623t1893 xxu||||| |||| 00| 1 eng d
040 _aLK-CoDNM
_dLK-CoDNM
_eLK-CoDNM
041 _aeng
080 _a14
_bB27
245 _aWorld's Columbian Exposition at Chicago,1893
260 _bH.C.Cottle
_aColombo
_c1893
300 _b104p. : ill, map ; 21 cm
650 _aColombo
650 _aPalm Tree
650 _aPanels
942 _cBK
999 _c83761
_d83761